Türk siyasi tarihinde CHP (Record no. 8308)

MARC details
000 -BAŞLIK
Sabit Uzunlukta Kontrol Alanı 00968na a2200325 4500
001 - KONTROL NUMARASI
Denetim Alanı 15242
003 - KONTROL NUMARASI IDENTIFIER
Denetim Alanı MIRAKIL
005 - SON İŞLEM TARİHİ VE ZAMANI
Denetim Alanı 20181213155206.0
008 - SABİT-BOY VERİ ELEMANLARI - GENEL BİLGİLER
Sabit Uzunlukta Kontrol Alanı 161117b tu 000 0
035 ## - SİSTEM KONTROL NUMARASI
Sistem Kontrol Numarası 15242
040 ## - KATALOGLAMA KAYNAK
Orijinal Kataloglama Ajansı Milas
Kataloglama Dili tur
Metne Dönüştürmek Ajansı TR-AnCHP
041 ## - DİL KODU
Metin / Ses Parça Veya Ayrı Başlığın Dil Kodu tur
082 ## - DEWEY ONLU SINIFLANDIRMA NUMARASI
Sınıflandırma Numarası CHP 324.2172
Ürün Numarası C36t [t.y.]
090 ## - SINIFLAMA NUMARASI
Sınıflama Numarası CHP 324.2172 C36t [t.y.]
110 ## - ANA GİRİŞ - KURUMSAL ADI
Giriş Elemanı Olarak Kurumsal Ad Veya Yargı Alanı Adı CHP Gençlik Kolları
245 ## - BAŞLIK TABLOSU
Başlık Türk siyasi tarihinde CHP
Sorumluluk Tablosu, Vb CHP Gençlik kolları
260 ## - YAYIN, DAĞITIM, VB
Yayın, Dağıtım, Vb Yeri Ankara
Yayıncı, Dağıtıcı, Vs Adı CHP Gençlik Kolları
Yayın, Dağıtım, Vb Tarihi [t.y]
300 ## - FİZİKSEL TANIM
Kapsam 24 s.
Boyutlar 18 sm.
490 ## - SERİSİ TABLOSU
Seri Beyanı CHP Gençlik Kolları Eğitim Dizisi
Hacim / Ardışık Tanımı 1
500 ## - GENEL NOT
Genel Not Dış kapakta başka adı : CHP: değişimin gücü
650 ## - KONU KATMA GİRİŞ - TOPİKAL DÖNEM
Topikal Süreli Veya Coğrafi Ad Giriş Elemanı Siyasal partiler
Genel Alt Bölümü CHP
Coğrafi Alt Bölümü Tarih
650 ## - KONU KATMA GİRİŞ - TOPİKAL DÖNEM
Topikal Süreli Veya Coğrafi Ad Giriş Elemanı Siyaset ve yönetim
Genel Alt Bölümü Tarih
Kronolojik Alt Bölümü CHP
650 ## - KONU KATMA GİRİŞ - TOPİKAL DÖNEM
Topikal Süreli Veya Coğrafi Ad Giriş Elemanı CHP
Genel Alt Bölümü Tarih
651 ## - KONU KATMA GİRİŞ - COĞRAFİ ADI
Coğrafi İsim Türkiye
Genel Alt Bölümü Siyasal tarih
700 ## - KATMA GİRİŞ - KİŞİSEL İSİM
Kişisel Ad
740 ## - KATMA GİRİŞ - KONTROLSUZ İLGİLİ / ANALİTİK BAŞLIK
Kontrol Edilmeyen / İlgili Analitik Başlıktaki CHP: değişimin gücü
830 ## - SERİSİ EKLENDİ GİRİŞ - ÜNİFORM ADI
Üniforma Başlık CHP:değişimin gücü
942 ## - EKLENDİ GİRİŞ ELEMANLARI (KOHA)
Sınıflandırma Veya Raf Düzeni Kaynak Dewey Decimal Classification
Koha Öğesi Türü Books
999 ## - SİSTEM KONTROL NUMARALARI (KOHA)
Koha Biblionumber 8308
Koha Biblioitemnumber 8308
657 ## - INDEX SÜRE - İŞLEVİ
-- CHP değişimin gücü
Holdings
Kalıcı Konum Mevcut Konum Edinme Tarihi Edinim Kaynak Toplam Check-Out'Lar Tam Çağrı Numarası Barkod Tarih Son Görülme İtibaren Geçerli Fiyatlar Koha Öğesi Türü Kopya Sayısı
CHP Kütüphanesi CHP Kütüphanesi 09/06/2016 Bağış   CHP 324.2172 C36t [t.y.] 003298 09/06/2016 09/06/2016 Books  
CHP Kütüphanesi CHP Kütüphanesi 11/17/2016 Bağış   CHP 324.2172 C36t [t.y.] 010024 11/17/2016 11/17/2016 Books k.2
CHP Kütüphanesi CHP Kütüphanesi 11/17/2016 Bağış   CHP 324.2172 C36t [t.y.] 010025 11/17/2016 11/17/2016 Books k.3